000 00468nam a2200169Ia 4500
008 241217s9999||||xx |||||||||||||| ||und||
020 _a9780077075538
_c0
040 _beng
_cSSK Library
_erda
082 _a004 MCN.2
245 0 _aTrends In Information Technology
250 _a2nd ed
260 _b Mcgraw-Hill Book Company Europe
_c©1992
700 _a Barbara Mcnurlin
942 _2Dewey Decimal Classification
_cBOOK
_nNo
999 _c20557
_d20557
003 OSt
005 20241217112750.0